Biggest European Cities that start with C on a Map - Statistics

General Stats
  • This quiz has been taken 1,955 times
  • The average score is 9 of 20
Answers on the Map
Answers color-coded by a green-red scale on the quiz's map according to % correct below.
 
Answer Stats
Population City % Correct
1,087,863 Cologne
95%
638,117 Copenhagen
95%
354,178 Cardiff
91%
532,513 Chișinău
86%
326,039 Córdoba
61%
382,073 Coventry
60%
294,298 Catania
59%
324,576 Cluj-Napoca
57%
202,746 Charleroi
52%
283,872 Constanța
41%
246,334 Chemnitz
39%
216,108 Cartagena
29%
269,506 Craiova
21%
217,530 Częstochowa
21%
286,899 Chernihiv
20%
267,060 Chernivtsi
15%
288,692 Çorlu
15%
274,762 Cherkasy
14%
495,810 Cheboksary
13%
312,091 Cherepovets
10%
No matching quizzes found
Score Distribution
Percent of People with Each Score
Percentile by Number Answered
Your Score History
You have not taken this quiz